Visualizzazione normale
Vista MARC
- Carrillo de Acuña, Alfonso,
di Personal Name
Records bibliografici associati: 1
001 - CONTROL NUMBER
- control field: 23201
003 - CONTROL NUMBER IDENTIFIER
- control field: IT-RoINE
005 - DATE AND TIME OF LATEST TRANSACTION
- control field: 20160330122009.0
008 - FIXED-LENGTH DATA ELEMENTS
- fixed length control field: 160330|| aca||aabn | a|a d
040 ## - CATALOGING SOURCE
- Original cataloging agency: IT-RoINE
- Transcribing agency: IT-RoINE
100 ## - HEADING--PERSONAL NAME
- Personal name: Carrillo de Acuña, Alfonso,
- Dates associated with a name: 1410-1482
- General subdivision: Biografía
670 ## - SOURCE DATA FOUND
- Source citation: Work cat.: (IT-RoINE)0: Franco Silva, Alfonso 7294, El arzobispo de Toledo, Alonso Carrillo :, 2014.